UM Logo

Effects of Peers' Emotions on Students' Emotions, Achieve Goals, Mental Effort, and Performance / (Record no. 24458)

MARC details
000 -LEADER
fixed length control field 01037nam a22002417a 4500
003 - CONTROL NUMBER IDENTIFIER
control field OSt
005 - DATE AND TIME OF LATEST TRANSACTION
control field 20260321165002.0
008 - FIXED-LENGTH DATA ELEMENTS--GENERAL INFORMATION
fixed length control field 260321b |||||||| |||| 00| 0 eng d
040 ## - CATALOGING SOURCE
Transcribing agency 0
082 ## - DEWEY DECIMAL CLASSIFICATION NUMBER
Classification number DPer 370.15 J826 October-November 2024 v.116 n.7-8
100 ## - MAIN ENTRY--PERSONAL NAME
Personal name Hu, Yuanyuan
Relator term author.
9 (RLIN) 70077
245 ## - TITLE STATEMENT
Title Effects of Peers' Emotions on Students' Emotions, Achieve Goals, Mental Effort, and Performance /
Statement of responsibility, etc. Yuanyuan Hu, Andrew J. Elliot, Pieter Wouters, and others.
260 ## - PUBLICATION, DISTRIBUTION, ETC. (IMPRINT)
Place of publication, distribution, etc. Washington D.C., USA
Name of publisher, distributor, etc. American Psychological Association
Date of publication, distribution, etc. November 2024
300 ## - PHYSICAL DESCRIPTION
Extent Volume 100, Pages 1283-1299
Other physical details illustration ;
Dimensions 28 cm.
500 ## - GENERAL NOTE
General note Journal of Education Psychology, Vol. 116, no. 8, pages 1283-1299, November 2024
700 ## - ADDED ENTRY--PERSONAL NAME
Personal name Hu, Yuanyuan
Relator term author.
9 (RLIN) 70077
700 ## - ADDED ENTRY--PERSONAL NAME
Personal name Elliot, Andrew J.
Relator term author.
9 (RLIN) 61507
700 ## - ADDED ENTRY--PERSONAL NAME
Personal name Wouters, Pieter.
Relator term author.
9 (RLIN) 70078
700 ## - ADDED ENTRY--PERSONAL NAME
Personal name van der Schaaf, Marieke.
Relator term author.
9 (RLIN) 70079
700 ## - ADDED ENTRY--PERSONAL NAME
Personal name Kester, Liesbeth.
Relator term author.
9 (RLIN) 64539
700 ## - ADDED ENTRY--PERSONAL NAME
Personal name Pekrun, Reinhard.
Relator term author.
9 (RLIN) 48673
942 ## - ADDED ENTRY ELEMENTS (KOHA)
Source of classification or shelving scheme Dewey Decimal Classification
Koha item type Periodicals
Holdings
Withdrawn status Lost status Source of classification or shelving scheme Damaged status Not for loan Collection code Home library Current library Date acquired Total Checkouts Full call number Date last seen Price effective from Koha item type Public note
    Dewey Decimal Classification     Periodicals UM Digos College - LIC UM Digos College - LIC 03/21/2026   DPer 370.15 J826 October-November 2024 v.116 n.7-8 03/21/2026   Periodicals Periodical Article